I sotteranei del Vaticano /
Saved in:
| Hovedforfatter: | |
|---|---|
| Format: | Bog |
| Sprog: | italiensk |
| Udgivet: |
Milano :
Garzanti,
1965
|
| Serier: | Garzanti per tutti
|
| Tags: |
Ingen Tags, Vær først til at tagge denne postø!
|
MARC
| LEADER | 00000nam a22000007i 4500 | ||
|---|---|---|---|
| 001 | IT\ICCU\BRI\0465863 | ||
| 003 | ItRI | ||
| 005 | 20241223121741.0 | ||
| 008 | 120323s1965 it |||||| ||||| |||||c | ||
| 040 | |b ita |c Arcigay Rimini | ||
| 041 | 7 | |a ita |2 ISO-639-2 | |
| 100 | 1 | |a Gide, André |0 IT\ICCU\CFIV\013440 | |
| 245 | 1 | 2 | |a I sotteranei del Vaticano / |c Andrè Gide ; versione di Roberto Ortolani. |
| 260 | |a Milano : |b Garzanti, |c 1965 | ||
| 300 | |a 237 p. ; |c 18 cm. | ||
| 830 | 0 | |a Garzanti per tutti |0 IT\ICCU\RAV\0074214 | |
| 942 | |2 ddc |c BK | ||
| 952 | |0 0 |1 0 |2 ddc |4 0 |6 843_000000000000000__912_AND_ISO |7 1 |9 2242 |a RN |b RN |d 2024-12-23 |l 0 |o 843. 912 AND ISO |p 9695 |r 2024-12-23 12:18:34 |w 2024-12-23 |y BK | ||
| 981 | 1 | |6 z01 |a i |b xxxe | |
| 982 | 1 | |6 z01 |a n | |
| 999 | |c 1970 |d 1970 | ||